| 000 | nam a22 7a 4500 | ||
|---|---|---|---|
| 999 |
_c7841 _d7841 |
||
| 008 | 171027b xxu||||| |||| 00| 0 eng d | ||
| 020 | _a9780323054133 | ||
| 100 |
_aBontrager Kenneth L _94304 |
||
| 245 |
_aTextboof of Radiographic Positions and Related Anatomy _bvolume 2 |
||
| 250 | _a7th edition | ||
| 260 |
_aNew York _bElsoviour Publication _c2009 |
||